| 000 | 01099nam a2200217 a 4500 | ||
|---|---|---|---|
| 001 | 54482 | ||
| 005 | 20180714045329.0 | ||
| 008 | 140415s2009 ir 000 0 spa d | ||
| 020 | _a9789645817563 | ||
| 041 | _aspa | ||
| 082 |
_a297.2 _bLAR |
||
| 100 | 1 | _aLARI, SAYYID MUJTABA MUSAVI | |
| 245 | 1 | 4 | _aLOS FUNDAMENTOS DE LA DOCTRINA ISLAMICA |
| 250 | _a1a ed. | ||
| 260 |
_aIRAN : _bFUNDATION OF ISLAMIC CULTURAL PROPAGATION IN THE WORL, _c2009 |
||
| 300 |
_a227 _cx 1.41 x 21.3 |
||
| 490 | _aTINTA Y VOZ | ||
| 520 | _aUN CRECIENTE VACIO INTELECTUAL E IDEOLOGICO ALEJA AL HOMBRE DE LA PERCEPCION DE LA REALIDAD HACIA UN TORBELLINO DE CORRUPCION. HOY SOMOS TESTIGOS DE QUE MUCHAS DE LAS ENERGIAS CREATIVAS DEL HOMBRE SON DERROCHADAS CUANDO ESTE CIERRA SUS OJOS AL RICO Y AGITADO ACEANO DE CULTURA Y PENSAMIENTO QUE CONSTITUYE LA RELIGION, Y VEMOS COMO PERMITE QUE SU VIDA INTELECTUAL SEA MASACRADA POR LAS IDEOLOGIAS DEL MUNDO MODERNO. ACTUALMENTE, A LA SEDIENTE Y ATURDIDA GENERACION DE NUESTROS DIAS LE ESTAN | ||
| 650 | 1 | 4 | _aISLAMISMO |
| 700 | 1 |
_aBRUSA, HAIDAR TAUFIQ _etr. |
|
| 999 |
_c54482 _d54482 |
||